Culture Générale - Série 70 - Statistiques

Statistiques générales
  • Ce quiz a été pris 555 fois
  • Le résultat moyen est 5 sur 10
Statistiques - réponses
Question Réponse % Correct
Chez le chat, que sont les vibrisses ? Moustaches
82%
Se faire porter pâle, c'est se faire porter ... ? Malade
76%
Loi du silence imposée par la mafia (en partic.: interdiction de collaborer avec la police) Omerta
63%
De quelle région de France est issu le cépage "Aligoté" ? Bourgogne
55%
Qu'est-ce qu'une gerbille (animal) ? Rongeur
55%
Crochet fixé à un mur pour suspendre des vêtements Patère
36%
Garçon d'écurie chargé du soin des chevaux (=lad) Palefrenier
35%
Comment appelle-t-on la tête du sanglier, du porc ? Hure
29%
Code des principes moraux que les samouraïs japonais étaient tenus d'observer. Bushido
20%
Le tromblon est une arme à feu, que l'on connait mieux sous un autre nom. Lequel ? Mousqueton
10%
Aucun quiz correspondant
Distribution des résultats
% des personnes avec chaque résultat
Percentile par nombre de réponses
Votre historique - résultats
Vous n’avez pas pris ce quiz